[Event "Leipzig VfB op 25th"]
[Site "Leipzig"]
[Date "2018.03.21"]
[Round "3"]
[White "Schaefer, Konstantin"]
[Black "Didt, Hartmut"]
[Result "1/2-1/2"]
[WhiteElo "1418"]
[BlackElo "1789"]
[PlyCount "71"]
[EventDate "2018.03.20"]
[EventType "swiss"]
[EventRounds "9"]
[EventCountry "GER"]
[SourceTitle "CBM 183 Extra"]
[Source "ChessBase"]
[SourceDate "2018.04.19"]
[SourceVersion "1"]
[SourceVersionDate "2018.04.19"]
[SourceQuality "1"]

1. e4 c6 2. d4 d5 3. exd5 cxd5 4. Bd3 Nc6 5. c3 Nf6 6. Bf4 e6 7. Nf3 Be7 8. Nbd2 0-0 9. Ne5 Bd7 10. 0-0 Rc8 11. Ndf3 a6 12. Qd2 b5 13. Qe3 Be8 14. Nxc6 Bxc6 15. Ne5 Be8 16. Qh3 Bd7 17. f3 g6 18. g4 Re8 19. Bh6 Bf8 20. Bxf8 Rxf8 21. Qh6 Be8 22. h4 Nd7 23. f4 Qf6 24. Nxd7 Bxd7 25. f5 Qg7 26. Qxg7+ Kxg7 27. fxe6 fxe6 28. g5 Rxf1+ 29. Rxf1 Rf8 30. Rxf8 Kxf8 31. a4 Ke7 32. Kf2 e5 33. dxe5 Ke6 34. Kf3 Kxe5 35. Ke3 Be8 36. Be2 1/2-1/2

[Event "Leipzig VfB op 24th"]
[Site "Leipzig"]
[Date "2017.03.22"]
[Round "3"]
[White "Didt, Hartmut"]
[Black "Voland, Rolf"]
[Result "1-0"]
[WhiteElo "1801"]
[BlackElo "1465"]
[PlyCount "88"]
[EventDate "2017.03.21"]
[EventType "swiss"]
[EventRounds "9"]
[EventCountry "GER"]
[SourceTitle "EXT 2018"]
[Source "ChessBase"]
[SourceDate "2017.10.13"]
[SourceVersion "1"]
[SourceVersionDate "2017.10.13"]
[SourceQuality "1"]

1. e4 Nf6 2. e5 Nd5 3. d4 d6 4. Nf3 g6 5. Bc4 Nb6 6. Bb3 d5 7. Bg5 Bg7 8. 0-0 Bg4 9. Nbd2 Qd7 10. c3 Nc6 11. Re1 0-0 12. a4 a5 13. Bc2 h6 14. Be3 Bf5 15. Nh4 Bxc2 16. Qxc2 e6 17. g3 Ne7 18. f4 Nf5 19. Nxf5 gxf5 20. b3 Nc8 21. Nf3 Ne7 22. Qg2 Kh7 23. Kh1 Rg8 24. Qh3 Rh8 25. Rg1 Kg8 26. g4 Qd8 27. Nh4 Ng6 28. Nf3 Ne7 29. gxf5 Nxf5 30. Qg2 Kf8 31. Bf2 Rg8 32. Qg4 c6 33. Nh4 Qd7 34. Nxf5 exf5 35. Qh5 Qe6 36. Bh4 b6 37. Rg2 Ra7 38. Rag1 f6 39. Bxf6 Rf7 40. Bh4 Rd7 41. Bf6 Rf7 42. Rg6 Rd7 43. R6g3 Rf7 44. Bxg7+ Rfxg7 1-0

[Event "Leipzig VfB op 24th"]
[Site "Leipzig"]
[Date "2017.03.21"]
[Round "1"]
[White "Didt, Hartmut"]
[Black "Pruefer, Friedbert"]
[Result "1/2-1/2"]
[WhiteElo "1801"]
[BlackElo "2196"]
[PlyCount "87"]
[EventDate "2017.03.21"]
[EventType "swiss"]
[EventRounds "9"]
[EventCountry "GER"]
[SourceTitle "EXT 2018"]
[Source "ChessBase"]
[SourceDate "2017.10.13"]
[SourceVersion "1"]
[SourceVersionDate "2017.10.13"]
[SourceQuality "1"]

1. e4 d6 2. d4 Nf6 3. Nc3 g6 4. Nf3 Bg7 5. Be2 0-0 6. 0-0 c6 7. Bg5 Qc7 8. Rc1 Nbd7 9. h3 e5 10. dxe5 dxe5 11. Bd3 Nc5 12. Qe2 Ne6 13. Be3 Rd8 14. Nd1 Nh5 15. Nh2 Nhf4 16. Bxf4 Nxf4 17. Qf3 Be6 18. Nc3 Qb6 19. b3 Qa5 20. Ne2 Nxd3 21. cxd3 Qxa2 22. Rb1 Qc2 23. Rfd1 Rd7 24. Nf1 Rad8 25. Ne3 Qc5 26. b4 Qb6 27. Ng4 Bxg4 28. hxg4 Qa6 29. b5 cxb5 30. Nc3 Qc6 31. Nxb5 a6 32. Na3 Qc3 33. Nc4 Rxd3 34. Rxd3 Rxd3 35. Ne3 b5 36. g5 b4 37. Qg4 a5 38. Nd5 Qc5 39. Qd7 Rd4 40. Qe8+ Bf8 41. Qxe5 Rd2 42. Nf6+ Kh8 43. Nd5+ Kg8 44. Nf6+ 1/2-1/2

[Event "Leipzig VfB op 20th"]
[Site "Leipzig"]
[Date "2013.03.07"]
[Round "4"]
[White "Mertin, Felix"]
[Black "Didt, Hartmut"]
[Result "1/2-1/2"]
[WhiteElo "1666"]
[BlackElo "1885"]
[PlyCount "88"]
[EventDate "2013.03.05"]
[EventType "swiss"]
[EventRounds "9"]
[EventCountry "GER"]
[SourceTitle "EXT 2014"]
[Source "ChessBase"]
[SourceDate "2013.11.20"]
[SourceVersion "1"]
[SourceVersionDate "2013.11.20"]
[SourceQuality "1"]

1. Nf3 d5 2. c4 c6 3. g3 Bf5 4. Bg2 e6 5. Qb3 Qb6 6. d3 Qxb3 7. axb3 Bb4+ 8. Nc3 Nf6 9. 0-0 Nbd7 10. Be3 Bc5 11. Na4 Bxe3 12. fxe3 0-0 13. h3 h6 14. d4 Ne4 15. g4 Bh7 16. c5 Ng3 17. Rfe1 Nf6 18. Nd2 Nfe4 19. Nxe4 Nxe4 20. Bxe4 Bxe4 21. Nc3 Bh7 22. Ra3 f5 23. Rea1 a6 24. b4 Rac8 25. Na4 fxg4 26. hxg4 Rc7 27. Rf1 Rcf7 28. Rxf7 Kxf7 29. Ra1 Kg6 30. Kg2 Kg5 31. Kg3 Bg6 32. Nb6 h5 33. Rh1 hxg4 34. Nd7 Re8 35. Ne5 Bf5 36. Rh4 Re7 37. Nxg4 Bxg4 38. Rxg4+ Kf6 39. Rf4+ Kg6 40. Rg4+ Kf7 41. Kf4 Kf6 42. e4 g6 43. e5+ Kg7 44. e4 dxe4 1/2-1/2

[Event "Leipzig VfB op 15th"]
[Site "Leipzig"]
[Date "2008.02.28"]
[Round "3"]
[White "Didt, Hartmut"]
[Black "Doberitz, Paul"]
[Result "1/2-1/2"]
[WhiteElo "1937"]
[BlackElo "2077"]
[PlyCount "63"]
[EventDate "2008.02.26"]
[EventType "swiss"]
[EventRounds "9"]
[EventCountry "GER"]
[SourceTitle "CBM 123 Extra"]
[Source "ChessBase"]
[SourceDate "2008.05.06"]
[SourceVersion "1"]
[SourceVersionDate "2008.05.06"]
[SourceQuality "1"]

1. e4 c5 2. d4 cxd4 3. c3 dxc3 4. Nxc3 Nc6 5. Nf3 d6 6. Bc4 e6 7. 0-0 Nge7 8. Bg5 h6 9. Bh4 a6 10. Qe2 Qc7 11. Rfd1 Ng6 12. Bg3 Be7 13. Rac1 0-0 14. Bb3 Qb8 15. Na4 Qc7 16. Qe3 b5 17. Qb6 Qxb6 18. Nxb6 Rb8 19. Rxc6 Bb7 20. Rcxd6 Bxe4 21. Nd7 Bxd6 22. Bxd6 Rbc8 23. Nxf8 Nxf8 24. Bb4 Ng6 25. Nd4 Nf4 26. f3 Bg6 27. Bd6 Nd3 28. Kf1 Kh7 29. Ke2 e5 30. Rxd3 Bxd3+ 31. Kxd3 exd4 32. Kxd4 1/2-1/2

[Event "Leipzig VfB op 14th"]
[Site "Leipzig"]
[Date "2007.03.23"]
[Round "6"]
[White "Didt, Hartmut"]
[Black "Grakovitch, Rudolf"]
[Result "1/2-1/2"]
[WhiteElo "1964"]
[BlackElo "1351"]
[PlyCount "36"]
[EventDate "2007.03.20"]
[EventType "swiss"]
[EventRounds "9"]
[EventCountry "GER"]
[SourceTitle "EXT 2008"]
[Source "ChessBase"]
[SourceDate "2007.11.25"]
[SourceVersion "1"]
[SourceVersionDate "2007.11.25"]
[SourceQuality "1"]

1. e4 d5 2. exd5 Qxd5 3. Nc3 c6 4. Nf3 Qd6 5. Bc4 Bf5 6. 0-0 e6 7. d3 Qc7 8. Qe2 Be7 9. Nd4 Bg6 10. Be3 Nf6 11. Rfe1 Nbd7 12. Bxe6 fxe6 13. Nxe6 Qe5 14. Bf4 Qxe2 15. Rxe2 Kf7 16. Nxg7 Bb4 17. Ne6 Rhe8 18. Ng5+ Kg7 1/2-1/2

[Event "Leipzig VfB op 12th"]
[Site "Leipzig"]
[Date "2005.03.04"]
[Round "6"]
[White "Friesse, Bernhard"]
[Black "Didt, Hartmut"]
[Result "1-0"]
[WhiteElo "2046"]
[BlackElo "1978"]
[PlyCount "45"]
[EventDate "2005.01.03"]
[EventType "swiss"]
[EventRounds "9"]
[EventCountry "GER"]
[SourceTitle "EXT 2008"]
[Source "ChessBase"]
[SourceDate "2007.11.25"]
[SourceVersion "1"]
[SourceVersionDate "2007.11.25"]
[SourceQuality "1"]

1. e4 c6 2. Nc3 d5 3. d3 d4 4. Nce2 e5 5. Nf3 Bg4 6. c3 Bxf3 7. gxf3 c5 8. cxd4 cxd4 9. f4 f6 10. Bh3 Bb4+ 11. Kf1 Nc6 12. Rg1 Qe7 13. Qb3 Kd8 14. a3 Bd6 15. Bd2 Rb8 16. Rc1 g6 17. Be6 Nh6 18. fxe5 Nxe5 19. Nxd4 Nhf7 20. f4 Rf8 21. fxe5 fxe5 22. Ba5+ Ke8 23. Qb5+ 1-0

[Event "Leipzig VfB op 11th"]
[Site "Leipzig"]
[Date "2004.03.20"]
[Round "7"]
[White "Didt, Hartmut"]
[Black "Lubbe, Melanie"]
[Result "1/2-1/2"]
[WhiteElo "1617"]
[BlackElo "1962"]
[PlyCount "33"]
[EventDate "2004.03.16"]
[EventType "swiss"]
[EventRounds "9"]
[EventCountry "GER"]
[SourceTitle "EXT 2007"]
[Source "ChessBase"]
[SourceDate "2006.11.23"]
[SourceVersion "1"]
[SourceVersionDate "2006.11.23"]
[SourceQuality "1"]

1. e4 c5 2. d4 cxd4 3. c3 dxc3 4. Nxc3 e6 5. Nf3 a6 6. Bc4 b5 7. Bb3 Bb7 8. 0-0 d6 9. Qe2 Nd7 10. Rd1 Ngf6 11. Bf4 b4 12. Na4 Nxe4 13. Rac1 Be7 14. Rc4 e5 15. Nxe5 dxe5 16. Bxe5 Qa5 17. Rxe4 1/2-1/2